000 00852nam a2200229Ia 4500
001 8296
003 GE_BSU
008 181216s||||||||xx |||||||||||||| ||und||
020 _a9789941044311
040 _cGE_BSU
080 _a58(075.8)+582.23/.29(075.8)
100 _aთოდუა,ვ. ჭურღულია–შურღაია,მ.
245 _aბოტანიკა ნ.1. მცირე პრაქტიკუმი ბოტანიკაში
245 _bუმდაბლესი მცენარეები. სასწავლო მეთოდური პროგრამა
245 _cრედ. დოდო პატარაია
260 _aთბილისი
260 _c2012
300 _a180გვ.30სმ.
541 _h20ლ.
653 _aბოტანიკა
942 _cBK
999 _c41627
_d41627